000 00571nam a2200181 i 4500
001 85738
003 ES-MaACL
005 20250926063055.0
007 t|
008 041201s1969 sp ||||1| spa d
100 1 _aJung, Carl G.,
_d1875-1961
_967282
245 1 0 _aTeoría del Psicoanálisis /
_cCharles Gustave Jung ; [traducción directa de F. Oliver Brachfeld].
260 _aBarcelona :
_bPlaza Janés,
_c[1969]
300 _a205 p. ;
_c19 cm.
700 1 _aOliver Brachfeld, F.
_986832
852 _aES-MaACL
_jC-40254
_bR.70417
999 _c85738
_d85738